| 000 | 00393nam a2200169Ia 4500 | ||
|---|---|---|---|
| 003 | OSt | ||
| 005 | 20240119142219.0 | ||
| 008 | 170523s9999 xx 000 0 und d | ||
| 020 | _a 978-8180549076 | ||
| 040 | _ciimt university meerut | ||
| 100 | _aADHIKARI- M | ||
| 245 | 0 | _aECONOMIC ENVIRONMENT OF BUSINESS | |
| 260 | _bSULTAN CHAND SONS | ||
| 260 | _c1994 | ||
| 300 | _a711 | ||
| 942 |
_2ddc _c02 |
||
| 999 |
_c8 _d8 |
||